000 00493nam a2200193Ia 4500
008 101110s9999 xx 000 0 und d
041 _aENGLISH
082 _bSR9891
_a380.101
100 _aBhushan & Others
245 _aFundamentals of Commerce by Bhushan
365 _b5
520 _aCommerce
546 _aENGLISH
630 _aFundamentals of Commerce by Bhushan
650 _aCommerce
655 _aCommerce
730 _aFundamentals of Commerce by Bhushan
942 _cBOOK
999 _c804919
_d804916